Biosemiotics: (Record no. 131045)
[ view plain ]
| 000 -LEADER | |
|---|---|
| fixed length control field | 00537nam a22001577a 4500 |
| 008 - FIXED-LENGTH DATA ELEMENTS--GENERAL INFORMATION | |
| fixed length control field | 211101b ||||| |||| 00| 0 eng d |
| 020 ## - INTERNATIONAL STANDARD BOOK NUMBER | |
| International Standard Book Number | 9781589661691 |
| 050 ## - LIBRARY OF CONGRESS CALL NUMBER | |
| Classification number | QH331.H593 2008 |
| 100 ## - MAIN ENTRY--PERSONAL NAME | |
| Personal name | Hoffmeyer, Jesper |
| 9 (RLIN) | 50818 |
| 245 ## - TITLE STATEMENT | |
| Title | Biosemiotics: |
| Remainder of title | an examination into the signs of life and the life of signs. |
| Statement of responsibility, etc | /by Jesper Hoffmeyer. |
| 250 ## - EDITION STATEMENT | |
| Remainder of edition statement | /by Donald, Favareau |
| 260 ## - PUBLICATION, DISTRIBUTION, ETC. (IMPRINT) | |
| Place of publication, distribution, etc | London: |
| Name of publisher, distributor, etc | University of Scranton Press, |
| Date of publication, distribution, etc | c2008. |
| 300 ## - PHYSICAL DESCRIPTION | |
| Extent | xix, 419p.; |
| Dimensions | 24cm. |
| 650 ## - SUBJECT ADDED ENTRY--TOPICAL TERM | |
| Topical term or geographic name as entry element | Biology |
| General subdivision | Semiotics |
| 9 (RLIN) | 50819 |
| 942 ## - ADDED ENTRY ELEMENTS (KOHA) | |
| Source of classification or shelving scheme | Library of Congress Classification |
| Item type | Monograph ( Printed materials) |
| Withdrawn status | Lost status | Source of classification or shelving scheme | Damaged status | Not for loan | Collection code | Home library | Current library | Shelving location | Date acquired | Total Checkouts | Full call number | Barcode | Date last seen | Copy number | Price effective from | Koha item type |
|---|---|---|---|---|---|---|---|---|---|---|---|---|---|---|---|---|
| Library of Congress Classification | Main Collection | ARRUPE LIBRARY | ARRUPE LIBRARY | Main Collection | 01/11/2021 | QH331.H593 2008 | 46600007756 | 01/11/2021 | 1 | 01/11/2021 | Monograph ( Printed materials) |